00963nam a22002777a 45000010005000000030009000050050017000140080031000310200018000620400022000800820027001021000038001292450057001672600037002243000022002614900033002835040073003165900026003896500022004156500025004376500023004629100041004859420012005269520132005389990015006700074DO-SdBNP20230511134003.0151110b1999 sp | 00| 0 spa d a9788484033356 aBPMSUbspacBPMSU 4a843.5 bS125c 19992221 aSade, Marqués de d1740-1814. 10aCuentos historietas y fábulas /cMarqués de Sade aMadrid : bEdimat Libros, 31999 3272 p. ;c20 cm. 0 aClásicos selección, v34 aIncluye referencias bibliográficas y notas al pie de las páginas 6Inventariado, 2023/VM 4aCuentos franceses 4aFábulas francesas. 4aErotismovCuentos. aVMateo V. Control de calidad (BPMSU) 2ddccBK 00102ddc40708CGaBPMETbBPMETd2015-11-10eDonaciónoBPMSU CG 843.5 S125c 1999pBPMSU15110168r2015-11-10w2015-11-10yBK c8627d8627